000 01103 a2200253 4500
003 UA-OsUOA
005 20220314110700.0
008 220216b un ||||| |||| 00| 0 ukr d
020 _a9666501953
040 _aUA-OsUOA
_bukr
_cUA-OsUOA
_dUA-OsUOA
041 _aukr
080 _a82.09(477):070
090 _a82.09(477):070
_bГ15
100 _aГалич В.
110 _aМіністерство освіти і науки України
245 _aПоетика публіцистичного тексту (на матеріалі творчості Олеся Гончара)
_cВалентина Галич
_bнавчальний посібник
260 _aК.
_bШлях
_c2006
300 _a200 с.
650 _2UDC
_a82 Література. Літературознавство
710 1 _aЛьвівський національний університет імені Тараса Шевченка
942 _cBK
_2udc
955 _a2
999 _c572237
_d572237